Les partis et la vie politique aux États-Unis (notice n° 1925397)

détails MARC
000 -LEADER
fixed length control field 00979cam a2200133 4500500
005 - DATE AND TIME OF LATEST TRANSACTION
control field 20260329023208.0
041 ## - LANGUAGE CODE
Language code of text/sound track or separate title fre
042 ## - AUTHENTICATION CODE
Authentication code dc
100 10 - MAIN ENTRY--PERSONAL NAME
Personal name Sicard, Pierre
Relator term author
245 00 - TITLE STATEMENT
Title Les partis et la vie politique aux États-Unis
260 ## - PUBLICATION, DISTRIBUTION, ETC.
Name of publisher, distributor, etc. Armand Colin,<br/>
Date of publication, distribution, etc. 2012.<br/>
520 ## - SUMMARY, ETC.
Summary, etc. Une introduction à la vie politique américaine et aux systèmes des partis. Après avoir tracé les grandes lignes historiques, l’auteur montre que les partis américains ne sont jamais que des combinaisons toujours bien imparfaites entre plusieurs individus qui aspirent aux postes électoraux. L'auteur souligne le poids de la société civile et propose de l’étudier comme une source de renouvellement, et non un obstacle, pour la vie démocratique. Il effectue un zoom sur le cas Obama et la rupture introduite par la campagne de 2008.
856 41 - ELECTRONIC LOCATION AND ACCESS
Uniform Resource Identifier <a href="https://shs.cairn.info/les-partis-et-la-vie-politique-aux-etats-unis--9782200279141?lang=fr&redirect-ssocas=7080">https://shs.cairn.info/les-partis-et-la-vie-politique-aux-etats-unis--9782200279141?lang=fr&redirect-ssocas=7080</a>

Pas d'exemplaire disponible.

PLUDOC

PLUDOC est la plateforme unique et centralisée de gestion des bibliothèques physiques et numériques de Guinée administré par le CEDUST. Elle est la plus grande base de données de ressources documentaires pour les Étudiants, Enseignants chercheurs et Chercheurs de Guinée.

Adresse

627 919 101/664 919 101

25 boulevard du commerce
Kaloum, Conakry, Guinée

Réseaux sociaux

Powered by Netsen Group @ 2025